| 000 | 00815nam a2200229 a 4500 | ||
|---|---|---|---|
| 001 | 000025346 | ||
| 005 | 20200930023725.0 | ||
| 008 | 110215s20uu dr ac 000 0 spa d | ||
| 020 | _a9945402048 | ||
| 040 |
_aDO-SdBNP _bspa _cBNPHU |
||
| 082 |
_a972.9381 _bH364m |
||
| 245 | 0 | 0 | _aHato Mayor. |
| 260 |
_aSanto Domingo : _bBanreservas, _c[200?]. |
||
| 300 |
_a87 p. : _bil., retr. ; _c27 cm. |
||
| 490 | 1 | _aFragmentos de patria | |
| 504 | _aBibliografía : p. 86-87 | ||
| 650 | 4 |
_aCiudades y pueblos _zRepública Dominicana _xHistoria _98393 |
|
| 651 | 4 |
_aHato Mayor Del Rey (República Dominicana{Rpara} _xHistoria Local _944106 |
|
| 651 | 4 |
_aHato Mayor Del Rey (República Dominicana{Rpara} _xVida Social Y Costumbres _951902 |
|
| 830 | 0 |
_aFragmentos de patria _944949 |
|
| 910 | _aValidado. Control de calidad MFF | ||
| 999 |
_c24838 _d24838 |
||